Sports Quiz

Random Sports Quiz

Tour of Oman 2012 recap Quiz Stats

 Plays Quiz not verified by Sporcle

Score 0/40 Timer 08:00
0 Plays Today
% Correct
Vincenzo Nibali
78.3%
Vincenzo Nibali
78.3%
Andre Greipel
73.9%
Peter Sagan
73.9%
Peter Sagan
73.9%
Andre Greipel
73.9%
Peter Sagan
73.9%
Andre Greipel
73.9%
Peter Sagan
73.9%
Peter Sagan
73.9%
Fabian Cancellara
65.2%
Joaquin Rodriguez Oliver
60.9%
Tyler Farrar
52.2%
Tyler Farrar
52.2%
Tyler Farrar
52.2%
Marcel Kittel
47.8%
Marcel Kittel
47.8%
Marcel Kittel
47.8%
Peter Velits
39.1%
Peter Velits
39.1%
% Correct
Ramunas Navardauskas
34.8%
Ramunas Navardauskas
34.8%
Sandy Casar
30.4%
Denis Galimzyanov
30.4%
Sandy Casar
30.4%
Denis Galimzyanov
30.4%
Tony Gallopin
26.1%
Tony Gallopin
26.1%
Tony Gallopin
26.1%
Tony Gallopin
26.1%
Tom Jelte Slagter
21.7%
Tom Jelte Slagter
21.7%
Nacer Bouhanni
21.7%
Nacer Bouhanni
21.7%
Nacer Bouhanni
21.7%
Baden Cooke
17.4%
Arnold Jeannesson
13%
Thomas Lebas
13%
Christopher Sutton
13%
Arnold Jeannesson
13%

You're not logged in!

Compare scores with friends on all Sporcle quizzes.
OR
Log In

Show Comments

Extras

Created Feb 19, 2012ReportNominate
Tags:2012, cycling, cyclist, oman, recap, tour

Top Quizzes Today


Score Distribution

Your Account Isn't Verified!

In order to create a playlist on Sporcle, you need to verify the email address you used during registration. Go to your Sporcle Settings to finish the process.

Report this User

Report this user for behavior that violates our Community Guidelines.

Details: